A global warming forum : scientific, economic and legal overview
Αποθηκεύτηκε σε:
| Άλλοι συγγραφείς: | |
|---|---|
| Μορφή: | Βιβλίο |
| Γλώσσα: | English |
| Δημοσίευση: |
Boca Raton :
CRC Press,
c1993
|
| Θέματα: | |
| Ετικέτες: |
Προσθήκη ετικέτας
Δεν υπάρχουν, Καταχωρήστε ετικέτα πρώτοι!
|
MARC
| LEADER | 00000nam a2200000 i 4500 | ||
|---|---|---|---|
| 001 | 1/80085 | ||
| 008 | 990507s1993 eng d | ||
| 020 | |a 0-8493-4419-0 | ||
| 035 | |l 10050548 | ||
| 040 | |a GR-MY-UA |b gre |e aacr | ||
| 041 | 0 | |a eng | |
| 082 | 0 | |a 363.7387 | |
| 245 | 1 | 2 | |a A global warming forum : |b scientific, economic and legal overview / |c Editor, Richard A. Geyer |
| 260 | |a Boca Raton : |b CRC Press, |c c1993 | ||
| 300 | |a 638 p. |b fig.; tabl. | ||
| 504 | |a Includes bibliographical references and index | ||
| 650 | 0 | 0 | |a Global warming. |
| 700 | 0 | |a Geyer, Richard A. |4 edt | |
| 852 | |a INST |b LESVOS |e 19990507 |h 363.7387 GLO |p 005100016307 |q 005100016307 |t BK |y 0 | ||
| 901 | |a BIBL1-1999-2 | ||
| 909 | |a Λ |b 061681 | ||
| 922 | |a 1ΕΛΗ |b 199812 |c ΚΠΣ/ΤΓ |d ΠΑΠΑΣΩΤΗΡΙΟΥ | ||
| 950 | |a 118-1998-07-21 | ||